00496pab a2200157 454500008004000000100001900040245009200059260000900151300001300160362000800173650002300181650004200204650002800246700001900274773004500293180718b1999 xxu||||| |||| 00| 0 eng d aKikuchi, Masao aTechnology, market and community in contract choice: rice harvesting in the Philippines c1999 ap.371-86 aJan aRice - Philippines aAgricultural production - Philippines aAgricultural production aHayami, Yujiro aEconomic Development and Cultural Change